000 00571nam a2200193 a 4500
001 000011249
005 20240412074224.0
008 091015s2001 dr 001 p spa d
040 _aDO-SdBNP
_bspa
_cBNPHU
082 _aRD861.44
_bW664v
100 1 _aWilamo, Rafael
_926814
245 1 3 _aLa voz de adviento /
_cRafael Wilamo.
260 _aSanto Domingo :
_bSolar,
_c2001.
300 _a86 p. ;
_c21 cm.
590 _aInventariado, 2019/LP
650 0 _aPoesía dominicana
_966
650 0 _aLiteratura dominicana.
_967
910 _aValidado. Control de calidad MMOLINA
999 _c10968
_d10968